Nasib si pencuri

Bibliographic Details
Main Author: Amer Haji Matsom
Format: Book
Published: Selangor : Sama Pub & Dist , 2008
Series:Siri positif dan negatif 2
Subjects:

MARC

LEADER 00000cam a2200000 7i4500
001 0000032984
005 20151222.0
008 120712
020 |a 9831352007 (Set) 
020 |a 9831352045 
090 0 0 |a JP   |b PR MAL 
100 0 |a Amer Haji Matsom 
245 1 0 |a Nasib si pencuri   |c Amer Haji Matsom 
260 |a Selangor :   |b Sama Pub & Dist ,   |c 2008 
440 |a Siri positif dan negatif 2 
500 |a Children ages 7-9 years old (orange) 
650 0 |a Didactic fiction, Malay 
650 0 |a Malay fiction 
999 |a 0001137544   |b Book   |c Children Collection   |e Perbadanan Perpustakaan Awam Johor 
999 |a 0001137545   |b Book   |c Children Collection   |e Perbadanan Perpustakaan Awam Johor 
999 |a 0001137546   |b Book   |c Children Collection   |e Cawangan Mersing 
999 |a 0001137547   |b Book   |c Children Collection   |e Cawangan Taman Universiti 
999 |a 0001137548   |b Book   |c Children Collection   |e Perbadanan Perpustakaan Awam Johor